Statistics for Countries of the World - With a Pacific World Map

Click here to take the quiz!

General Stats

  • This quiz has been taken 334 times
    (300 since last reset)
  • The average score is 167 of 196

Answers on the Map

Answers color-coded by a green-red scale on the quiz's map according to % correct below.
 

Answer Stats

Country% Correct
Russia
93%
Australia
92%
Canada
92%
China
92%
United Kingdom
92%
United States
92%
Denmark
91%
France
91%
Japan
91%
Mexico
91%
New Zealand
91%
North Korea
91%
South Korea
91%
Chile
90%
India
90%
Norway
90%
Argentina
89%
Austria
89%
Belgium
89%
Bolivia
89%
Brazil
89%
Colombia
89%
Cuba
89%
Egypt
89%
Estonia
89%
Finland
89%
Germany
89%
Greece
89%
Indonesia
89%
Iran
89%
Iraq
89%
Ireland
89%
Italy
89%
Kazakhstan
89%
Latvia
89%
Mongolia
89%
Morocco
89%
Oman
89%
Pakistan
89%
Paraguay
89%
Peru
89%
Philippines
89%
Poland
89%
Portugal
89%
Saudi Arabia
89%
South Africa
89%
Spain
89%
Sweden
89%
Thailand
89%
Turkey
89%
Ukraine
89%
Uruguay
89%
Vietnam
89%
Yemen
89%
Afghanistan
88%
Algeria
88%
Cambodia
88%
Croatia
88%
Czech Republic
88%
Democratic Republic
of the Congo
88%
Dominican Republic
88%
Ecuador
88%
Iceland
88%
Laos
88%
Madagascar
88%
Netherlands
88%
Niger
88%
Panama
88%
Papua New Guinea
88%
Romania
88%
Slovenia
88%
Switzerland
88%
Albania
87%
Belarus
87%
Bulgaria
87%
Chad
87%
Costa Rica
87%
Haiti
87%
Hungary
87%
Israel
87%
Lithuania
87%
Malaysia
87%
Nepal
87%
Nigeria
87%
Slovakia
87%
South Sudan
87%
Sudan
87%
Tunisia
87%
United Arab Emirates
87%
Venezuela
87%
Angola
86%
Armenia
86%
Azerbaijan
86%
Bangladesh
86%
Bosnia and
Herzegovina
86%
Dominica
86%
El Salvador
86%
Fiji
86%
Honduras
86%
Jordan
86%
Kenya
86%
Libya
86%
Luxembourg
86%
Mali
86%
Republic of the Congo
86%
Serbia
86%
Somalia
86%
Sri Lanka
86%
Syria
86%
Taiwan
86%
Turkmenistan
86%
Belize
85%
Ethiopia
85%
Georgia
85%
Myanmar
85%
Nicaragua
85%
Zambia
85%
Bahamas
84%
Bhutan
84%
Eritrea
84%
Federated States of
Micronesia
84%
Ghana
84%
Guatemala
84%
Guinea
84%
Guyana
84%
Kuwait
84%
Lesotho
84%
Liechtenstein
84%
North Macedonia
84%
Suriname
84%
Vatican City
84%
Zimbabwe
84%
Andorra
83%
Botswana
83%
Cameroon
83%
Central African Republic
83%
Cyprus
83%
Djibouti
83%
Ivory Coast
83%
Jamaica
83%
Kiribati
83%
Kosovo
83%
Lebanon
83%
Malta
83%
Mauritania
83%
Moldova
83%
Qatar
83%
Rwanda
83%
Tajikistan
83%
Tanzania
83%
Uzbekistan
83%
Benin
82%
Liberia
82%
Monaco
82%
Namibia
82%
Senegal
82%
Seychelles
82%
Singapore
82%
Solomon Islands
82%
Togo
82%
Uganda
82%
Bahrain
81%
Gabon
81%
Montenegro
81%
Mozambique
81%
Nauru
81%
San Marino
81%
Tonga
81%
Burundi
80%
East Timor
80%
Equatorial Guinea
80%
Eswatini
80%
Kyrgyzstan
80%
Malawi
80%
Maldives
80%
Palau
80%
Samoa
80%
Tuvalu
80%
Vanuatu
80%
Burkina Faso
79%
Marshall Islands
79%
Mauritius
79%
Trinidad and Tobago
79%
Cape Verde
78%
Gambia
78%
Guinea-Bissau
78%
Saint Kitts and Nevis
78%
Sierra Leone
78%
Barbados
77%
Comoros
77%
Saint Lucia
77%
Antigua and Barbuda
76%
Brunei
76%
Grenada
76%
Saint Vincent and the
Grenadines
74%
São Tomé and Príncipe
74%

Score Distribution

Percentile by Number Answered

Percent of People with Each Score

Your Score History

You have not taken this quiz since the last reset